000 01002nam a2200265Ia 4500
003 OSt
005 20220923225315.0
006 a|||||r|||| 00| 0
007 ta
008 220922b |||||||| |||| 00| 0 san d
020 _c150
024 _a262,627
037 _b106, 04/10/2011, Vidyanidhi Prakashan
_cTextual
040 _aARTS
_cARTS
_bsan
041 _2san
_asan
082 _aO152,6x, Q1
100 _aशर्मा, श्रीकृष्ण, संपा.
245 0 _aसंस्कृत, संस्कृति और प्रशासन
246 _aSanskṛuta, sanskṛuti aur prashāsana
260 _aजयपुर
_b राजग›ा चैरिटेबल ट्रस्ट
_c2011
300 _a94पृ0
_ccm.
650 _aहिन्दी साहित्य
_9156264
942 _hO152,6x, Q1
_cTEXL
_2CC
999 _c377449
_d377449